000 00314nam a22001457a 4500
008 221006b ||||| |||| 00| 0 eng d
020 _a0316156353
041 _aeng
080 _a618
082 _a618 COR
100 _a15.2
101 _aGINE
245 _aSURGERY OF THE NEONATE
_cCORAN .A
942 _2udc
_cBK
999 _c58391
_d58391